| 000 | 00440nam a2200145Ia 4500 | ||
|---|---|---|---|
| 008 | 210210b1971 xxu||||| |||| 00| 0 eng d | ||
| 082 | _a658.83 KONM | ||
| 100 | _aKONARD (Evelyn) and ERICKSON (Rod), Eds. | ||
| 245 | _aMarketing research: a management overview. | ||
| 260 |
_aBombay. _bD B Taraporevala Sons & Co., Pvt., Ltd., _c1971 |
||
| 300 | _a224 | ||
| 650 | _aMarketing Research | ||
| 690 | _aMarketing Managemen | ||
| 906 | _a03337 | ||
| 999 |
_c84453 _d84453 |
||